[Event "FIDE World Bl Team Pool D"]
[Site "London ENG"]
[Date "2025.06.14"]
[Round "3.5"]
[White "Saduakassova, Dinara"]
[Black "Lesbekova, Assel"]
[Result "1/2-1/2"]
[WhiteTitle "IM"]
[BlackTitle "WCM"]
[WhiteElo "2435"]
[BlackElo "1948"]
[WhiteTeam "Hetman GKS Katowice"]
[BlackTeam "Noval Group Kyrgyzstan"]
[WhiteFideId "13700090"]
[BlackFideId "13713248"]
[EventDate "2025.06.14"]
[EventType "team"]

1. d4 d5 2. Nf3 e6 3. c4 a6 4. cxd5 exd5 5. Nc3 c6 6. Bf4 Bd6 7. Bg3 Ne7 8. e3
Bf5 9. Qb3 b5 10. Be2 O-O 11. O-O a5 12. a4 b4 13. Na2 Bxg3 14. hxg3 Nd7 15. Nc1
c5 16. dxc5 Nxc5 17. Qd1 Qb6 18. Nd3 Nxd3 19. Bxd3 Be4 20. Nd4 Nc6 21. Bb5 Nxd4
22. Qxd4 Qxd4 23. exd4 Rac8 24. f3 Bc2 25. Rfe1 Rc7 26. Rac1 b3 27. Re3 Rfc8 28.
Rce1 g6 29. g4 h6 30. Kf2 Kg7 31. Kg3 g5 32. Kf2 Bg6 33. Rxb3 Rc2+ 34. Re2 Rxe2+
35. Bxe2 Rc2 36. Ke3 h5 37. gxh5 Bxh5 38. Rb5 Bg6 39. Rxd5 Rxb2 40. Rxa5 f6 41.
Ra7+ Kh6 42. Ra6 Kg7 43. g4 Rb3+ 44. Kd2 Rb2+ 45. Ke3 Rb3+ 46. Kf2 Rb2 47. Ra7+
Kf8 48. Ke3 Rb3+ 49. Kd2 Rb2+ 50. Ke1 Rb1+ 51. Kf2 Rb2 52. Kf1 Rb1+ 53. Kf2 Rb2
54. Ke1 Rb1+ 55. Kd2 Rb2+ 56. Ke3 Rb3+ 57. Kf2 Rb2 58. Ra8+ Kf7 59. Ra7+ Kf8 60.
Ra6 Kf7 61. Ra7+ Kf8 62. Ra6 Kf7 63. Ke1 Rb1+ 64. Kd2 Rb2+ 65. Ke1 Rb1+ 66. Kf2
Rb2 67. Ra7+ Kf8 68. Ra8+ Kf7 69. Ra7+ 1/2-1/2

[Event "FIDE World Bl Team Pool D"]
[Site "London ENG"]
[Date "2025.06.14"]
[Round "3.6"]
[White "Zhunusbekova, Aimonchok"]
[Black "Smolinski, Wojciech"]
[Result "1-0"]
[WhiteElo "1890"]
[BlackElo "1987"]
[WhiteTeam "Noval Group Kyrgyzstan"]
[BlackTeam "Hetman GKS Katowice"]
[WhiteFideId "13810251"]
[BlackFideId "21088683"]
[EventDate "2025.06.14"]
[EventType "team"]

1. e4 c5 2. c3 d5 3. exd5 Nf6 4. Nf3 Nxd5 5. d4 cxd4 6. Nxd4 e6 7. Bd3 a6 8. O-O
Qc7 9. Be4 Nf6 10. Bc2 Bd6 11. h3 Nc6 12. Bg5 Bf4 13. Bxf4 Qxf4 14. Nxc6 bxc6
15. Nd2 O-O 16. Nf3 Bb7 17. Qd4 Qc7 18. Ng5 h6 19. Ne4 Nxe4 20. Qxe4 g6 21. Qe3
Kg7 22. Rfd1 Rad8 23. Rd4 Rxd4 24. Qxd4+ e5 25. Qe3 Rd8 26. Re1 Re8 27. h4 h5
28. Qc5 Bc8 29. Be4 Bd7 30. Rd1 Rb8 31. Rxd7 Qxd7 32. Qxe5+ f6 33. Qxb8 Qd1+ 34.
Kh2 Qd2 35. Qc7+ Kh6 36. Qg3 f5 37. Qg5+ Qxg5 38. hxg5+ Kxg5 39. Bxc6 1-0

[Event "FIDE World Bl Team Pool D"]
[Site "London ENG"]
[Date "2025.06.14"]
[Round "4.1"]
[White "Grischuk, Alexander"]
[Black "Orozbaev, Eldiyar"]
[Result "1-0"]
[WhiteTitle "GM"]
[BlackTitle "IM"]
[WhiteElo "2667"]
[BlackElo "2367"]
[WhiteTeam "KazChess"]
[BlackTeam "Noval Group Kyrgyzstan"]
[WhiteFideId "4126025"]
[BlackFideId "13802240"]
[EventDate "2025.06.14"]
[EventType "team"]

1. e4 e6 2. d4 d5 3. Nc3 Nf6 4. e5 Nfd7 5. f4 c5 6. Nf3 Nc6 7. Be3 cxd4 8. Nxd4
Qb6 9. a3 Bc5 10. Ncb5 a6 11. b4 axb5 12. bxc5 Qa5+ 13. Bd2 Qa4 14. Nxc6 bxc6
15. Bb4 Qa7 16. Qd4 Qc7 17. Bd3 O-O 18. O-O f6 19. exf6 Nxf6 20. Rae1 Bd7 21.
Re3 Ng4 22. Rh3 h6 23. Bc3 Bc8 24. Rg3 Rxa3 25. Bb4 e5 26. fxe5 Rxf1+ 27. Kxf1
Ra4 28. Rxg4 Bxg4 29. Qxg4 Ra1+ 30. Kf2 Qxe5 31. Qc8+ Kf7 32. Bd2 Qd4+ 33. Kg3
Ra3 34. Qd7+ Kf8 35. Bf4 Rxd3+ 36. cxd3 Qxd3+ 37. Kg4 Qe2+ 38. Kh3 1-0

[Event "FIDE World Bl Team Pool D"]
[Site "London ENG"]
[Date "2025.06.14"]
[Round "4.2"]
[White "Sharshenbekov, Emir"]
[Black "Rapport, Richard"]
[Result "1-0"]
[WhiteTitle "CM"]
[BlackTitle "GM"]
[WhiteElo "2091"]
[BlackElo "2714"]
[WhiteTeam "Noval Group Kyrgyzstan"]
[BlackTeam "KazChess"]
[WhiteFideId "13810634"]
[BlackFideId "738590"]
[EventDate "2025.06.14"]
[EventType "team"]

1. e4 c5 2. Nc3 g6 3. g3 Bg7 4. Bg2 Nc6 5. d3 Rb8 6. Be3 d6 7. a4 e6 8. Qd2 Nd4
9. Nge2 Ne7 10. O-O O-O 11. Rac1 Qa5 12. Rfe1 Re8 13. Bh6 Bh8 14. Nxd4 cxd4 15.
Nb5 Qxd2 16. Bxd2 Bd7 17. Nxd6 Red8 18. e5 Bxa4 19. Nxb7 Rdc8 20. b3 Bc6 21. Nd6
Rc7 22. f4 Bxg2 23. Kxg2 Bg7 24. Re4 Nc6 25. Ra1 Bf8 26. Nc4 Bb4 27. Re2 Rb5 28.
Kf3 Bxd2 29. Rxd2 a5 30. Ra4 Kg7 31. Nd6 Rb8 32. Rc4 Kf8 33. Rd1 Ke7 34. Ra1 Kd8
35. Ke4 Rb6 36. Raa4 Rd7 37. Rc5 f5+ 38. Kf3 Ra7 39. Rac4 Kd7 40. g4 Ra8 41. Kg3
Rf8 42. h3 h6 43. gxf5 gxf5 44. Nb5 Rg8+ 45. Kf3 Rc8 46. Nxd4 Ne7 47. Rxa5 Rxc4
48. dxc4 Ng6 49. Ra7+ Ke8 50. Nb5 Kf8 51. Nd6 Rc6 52. Ke3 Nh4 53. Rf7+ Kg8 54.
Re7 Ng2+ 55. Kf3 Ne1+ 56. Kf2 Nxc2 57. Rxe6 Rb6 58. Re8+ Kh7 59. c5 Rxb3 60. c6
Rc3 61. Re7+ Kg6 62. c7 1-0

[Event "FIDE World Bl Team Pool D"]
[Site "London ENG"]
[Date "2025.06.14"]
[Round "4.3"]
[White "Esipenko, Andrey"]
[Black "Degenbaev, Aziz"]
[Result "1-0"]
[WhiteTitle "GM"]
[BlackTitle "FM"]
[WhiteElo "2689"]
[BlackElo "2286"]
[WhiteTeam "KazChess"]
[BlackTeam "Noval Group Kyrgyzstan"]
[WhiteFideId "24175439"]
[BlackFideId "13802640"]
[EventDate "2025.06.14"]
[EventType "team"]

1. d4 Nf6 2. Nf3 g6 3. g3 Bg7 4. Bg2 c5 5. d5 b5 6. O-O d6 7. Re1 O-O 8. e4 Bb7
9. h3 Nbd7 10. g4 Rc8 11. Bf4 a5 12. Nbd2 Ne8 13. Rb1 c4 14. Nf1 Nc5 15. Ng3 b4
16. Be3 b3 17. axb3 cxb3 18. cxb3 Ba6 19. Bd4 Qb6 20. Re3 Nf6 21. g5 Nfd7 22.
Bxg7 Kxg7 23. e5 dxe5 24. Nxe5 Nxe5 25. Rxe5 Qd6 26. Re3 Rb8 27. Qe1 Rfe8 28.
Qxa5 Nxb3 29. Qc3+ Kg8 30. Ne4 Qf4 31. d6 Bb7 32. dxe7 Bxe4 33. Rxe4 Qxg5 34.
Rbe1 Qb5 35. Re5 Qb6 36. Bc6 Nd4 37. Bxe8 Rxe8 38. R5e4 Nf5 39. b4 Qb5 1-0

[Event "FIDE World Bl Team Pool D"]
[Site "London ENG"]
[Date "2025.06.14"]
[Round "4.4"]
[White "Zhakshylykov, Erzhan"]
[Black "Sadvakasov, Darmen"]
[Result "1-0"]
[WhiteTitle "IM"]
[BlackTitle "GM"]
[WhiteElo "2362"]
[BlackElo "2629"]
[WhiteTeam "Noval Group Kyrgyzstan"]
[BlackTeam "KazChess"]
[WhiteFideId "13804111"]
[BlackFideId "13700464"]
[EventDate "2025.06.14"]
[EventType "team"]

1. c4 Nf6 2. Nc3 e5 3. Nf3 Nc6 4. e4 Bc5 5. Nxe5 Nxe5 6. d4 Bb4 7. dxe5 Nxe4 8.
Qf3 d5 9. Be2 Be6 10. O-O Bxc3 11. bxc3 c6 12. cxd5 cxd5 13. c4 Qa5 14. Qe3 Qc3
15. cxd5 Qxe3 16. Bxe3 Bxd5 17. Bb5+ Ke7 18. f3 Nc3 19. Bd3 Rhd8 20. Bc5+ Ke6
21. Bd6 f6 22. Rfe1 f5 23. a4 Rac8 24. a5 Bc4 25. Bxc4+ Rxc4 26. Kf2 Nb5 27.
Rad1 Rc2+ 28. Kg3 g5 29. h3 h5 30. a6 bxa6 31. Ra1 f4+ 32. Kh2 Rc6 33. Rad1 a5
34. Ra1 Ra6 35. Re4 Rc8 36. Rea4 Rcc6 37. Rxa5 Rxa5 38. Rxa5 a6 39. h4 g4 40.
Ra4 Kf5 41. Kg1 g3 42. Kf1 Nxd6 43. exd6 Rxd6 44. Ra5+ Ke6 45. Ke2 Rb6 46. Kd3
Rb2 47. Rxa6+ Ke7 48. Ke4 Rxg2 49. Kxf4 Rg1 50. Rg6 Kf7 51. Rxg3 Ra1 52. Rg5
Ra4+ 53. Kg3 Ra1 54. Rxh5 Kg6 55. Rg5+ Kf6 56. Rb5 Ra4 57. Rc5 Rb4 58. Rc6+ Kf5
59. h5 Kg5 60. h6 Rb8 61. f4+ Kf5 62. h7 Rh8 63. Rh6 Ke4 64. Kg4 1-0

[Event "FIDE World Bl Team Pool D"]
[Site "London ENG"]
[Date "2025.06.14"]
[Round "4.5"]
[White "Kaliakhmet, Elnaz"]
[Black "Sovetbekova, Nurai"]
[Result "1-0"]
[WhiteTitle "WFM"]
[BlackTitle "WFM"]
[WhiteElo "2218"]
[BlackElo "2007"]
[WhiteTeam "KazChess"]
[BlackTeam "Noval Group Kyrgyzstan"]
[WhiteFideId "13730169"]
[BlackFideId "13801910"]
[EventDate "2025.06.14"]
[EventType "team"]

1. d4 Nf6 2. c4 e6 3. Nf3 d5 4. Nc3 Bb4 5. Qa4+ Nc6 6. e3 O-O 7. Qc2 Re8 8. Bd2
dxc4 9. Bxc4 a6 10. O-O b5 11. Bd3 Bb7 12. Ne4 Bxd2 13. Qxd2 Nxe4 14. Bxe4 h6
15. Rac1 Na5 16. Bxb7 Nxb7 17. Qc3 Re7 18. Ne5 Qd5 19. a3 Nd6 20. Qa5 f6 21. Nf3
Nc4 22. Qb4 Rae8 23. b3 Nb6 24. Rc5 Qb7 25. Rfc1 Nd5 26. Qa5 g5 27. h3 h5 28.
Rc6 g4 29. hxg4 hxg4 30. Nh4 g3 31. Qxa6 gxf2+ 32. Kxf2 Qxa6 33. Rxa6 f5 34. Nf3
Nf6 35. Nd2 Rg7 36. Ra7 Ng4+ 37. Ke2 Rc8 38. Rc6 Nf6 39. Kf3 Kf7 40. Raxc7+ Rxc7
41. Rxc7+ Kg6 42. Rxg7+ Kxg7 43. e4 fxe4+ 44. Nxe4 Nd5 45. Nc5 Kf6 46. Na6 e5
47. dxe5+ Kxe5 48. Nc5 Nc3 49. Nd7+ Kf5 50. g4+ Kg5 51. Ne5 Nb1 52. a4 Nd2+ 53.
Kg3 Nxb3 54. axb5 Nc5 55. b6 Ne4+ 56. Kf3 Nc5 57. Ke3 Kf6 58. Kd4 Nb7 59. Kd5
Kg5 60. Ke4 Nd6+ 61. Kd5 Nb7 62. Ke4 Nd6+ 63. Kf3 Nb7 64. Kg3 Nd6 65. Nf3+ Kf6
66. Kf4 Nb7 67. g5+ Ke6 68. Ke4 Nd6+ 69. Kd4 Kf5 70. Kd5 Nb7 71. Kc6 Na5+ 72.
Kc7 Kf4 73. g6 1-0

[Event "FIDE World Bl Team Pool D"]
[Site "London ENG"]
[Date "2025.06.14"]
[Round "4.6"]
[White "Zhunusbekova, Aimonchok"]
[Black "Aiten, Islam"]
[Result "0-1"]
[WhiteElo "1890"]
[BlackElo "1950"]
[WhiteTeam "Noval Group Kyrgyzstan"]
[BlackTeam "KazChess"]
[WhiteFideId "13810251"]
[BlackFideId "13749420"]
[EventDate "2025.06.14"]
[EventType "team"]

1. e4 e5 2. Nf3 Nc6 3. Bb5 a6 4. Ba4 Bc5 5. d3 Nge7 6. O-O O-O 7. c3 Ba7 8. d4
exd4 9. cxd4 d5 10. e5 Bg4 11. Bxc6 Nxc6 12. Be3 f6 13. exf6 Qxf6 14. Nbd2 Nxd4
15. Bxd4 Bxd4 16. Qb3 c6 17. h3 Bxf3 18. Nxf3 Bxb2 19. Rab1 Bc3 20. Qxb7 Qg6 21.
Kh1 a5 22. Rfc1 d4 23. Ne5 Qe4 24. Nxc6 Rae8 25. Nxa5 Bxa5 0-1

[Event "FIDE World Bl Team Pool D"]
[Site "London ENG"]
[Date "2025.06.14"]
[Round "4.1"]
[White "Kohlmann, Robert"]
[Black "Navara, David"]
[Result "0-1"]
[BlackTitle "GM"]
[WhiteElo "2026"]
[BlackElo "2657"]
[WhiteTeam "REY AHOGADO"]
[BlackTeam "Hetman GKS Katowice"]
[WhiteFideId "14900467"]
[BlackFideId "309095"]
[EventDate "2025.06.14"]
[EventType "team"]

1. e4 c5 2. Nf3 d6 3. d3 g6 4. Nbd2 Bg7 5. g3 Nc6 6. Bg2 Nf6 7. O-O O-O 8. c3
Rb8 9. Re1 e5 10. a3 b5 11. b4 Be6 12. Ng5 Bg4 13. Qc2 h6 14. Ngf3 Be6 15. Bb2
a5 16. bxc5 dxc5 17. Nb3 Nd7 18. Rad1 a4 19. Nc1 Qb6 20. Ne2 Bb3 21. Qb1 Bxd1
22. Rxd1 b4 23. cxb4 cxb4 24. Qa1 Rfe8 25. d4 bxa3 26. Bc3 exd4 27. Nfxd4 Nxd4
28. Nxd4 Rec8 29. Ne2 Bxc3 30. Nxc3 Qb2 0-1

[Event "FIDE World Bl Team Pool D"]
[Site "London ENG"]
[Date "2025.06.14"]
[Round "4.2"]
[White "Klimkowski, Jan"]
[Black "Schneider Sanchez, Carlos D."]
[Result "1-0"]
[WhiteTitle "GM"]
[WhiteElo "2508"]
[BlackElo "2003"]
[WhiteTeam "Hetman GKS Katowice"]
[BlackTeam "REY AHOGADO"]
[WhiteFideId "21856222"]
[BlackFideId "22230440"]
[EventDate "2025.06.14"]
[EventType "team"]

1. e4 c5 2. Nf3 e6 3. d4 cxd4 4. Nxd4 a6 5. Bd3 Qc7 6. c4 Nc6 7. Nxc6 dxc6 8.
O-O e5 9. Nc3 Nf6 10. h3 Be7 11. Be3 O-O 12. Na4 Be6 13. Rc1 c5 14. Nc3 Rfd8 15.
Nd5 Bxd5 16. cxd5 Rac8 17. b4 Nd7 18. b5 axb5 19. Bxb5 Qa5 20. a4 b6 21. Qg4 Nf6
22. Qf5 Bd6 23. Bg5 Qa7 24. Bxf6 gxf6 25. Qxf6 Qe7 26. Qf5 f6 27. Rc3 Kh8 28.
Rf3 Rf8 29. Rb1 Qg7 30. Bc6 Qg6 31. Rxb6 Qxf5 32. Rxf5 c4 33. Rb5 c3 34. Rf3 c2
35. Rc3 f5 36. exf5 Rxf5 37. Rxc2 Rf4 38. Rb7 Rcf8 39. Rb3 e4 40. Re3 Be5 41. g3
Rxf2 42. Rxf2 Bd4 43. Rxf8+ 1-0

[Event "FIDE World Bl Team Pool D"]
[Site "London ENG"]
[Date "2025.06.14"]
[Round "4.3"]
[White "Henriquez Garcia, David"]
[Black "Seemann, Jakub"]
[Result "0-1"]
[BlackTitle "IM"]
[WhiteElo "1905"]
[BlackElo "2450"]
[WhiteTeam "REY AHOGADO"]
[BlackTeam "Hetman GKS Katowice"]
[WhiteFideId "2204320"]
[BlackFideId "21874697"]
[EventDate "2025.06.14"]
[EventType "team"]

1. e4 c5 2. d3 Nc6 3. Nd2 g6 4. g3 Bg7 5. Bg2 d6 6. Ngf3 Nf6 7. O-O O-O 8. Re1
Rb8 9. Nf1 b5 10. h4 b4 11. N1h2 a5 12. d4 Nxd4 13. Nxd4 cxd4 14. Qxd4 Ng4 15.
Qd3 Ne5 16. Qe2 Qc7 17. f4 Nc4 18. Rb1 Bd7 19. h5 Rfc8 20. f5 Ne5 21. h6 Bh8 22.
fxg6 hxg6 23. Bg5 Qxc2 24. Bxe7 Nd3 25. Qxc2 Rxc2 26. Red1 Bd4+ 0-1

[Event "FIDE World Bl Team Pool D"]
[Site "London ENG"]
[Date "2025.06.14"]
[Round "4.4"]
[White "Cieslak, Patryk"]
[Black "Cujba, Anca-Claudia"]
[Result "1-0"]
[WhiteTitle "FM"]
[WhiteElo "2442"]
[BlackElo "1741"]
[WhiteTeam "Hetman GKS Katowice"]
[BlackTeam "REY AHOGADO"]
[WhiteFideId "21078882"]
[BlackFideId "1215612"]
[EventDate "2025.06.14"]
[EventType "team"]

1. c4 Nf6 2. Nc3 g6 3. e4 d6 4. d4 Bg7 5. Nf3 Nbd7 6. Be2 O-O 7. O-O e5 8. Re1
a5 9. h3 Ne8 10. dxe5 dxe5 11. Be3 Nd6 12. c5 Ne8 13. Bc4 c6 14. Qb3 Qe7 15. Na4
Kh8 16. Ng5 h6 17. Nxf7+ Kh7 18. Rad1 Ndf6 19. Nb6 Rb8 20. Nd6 Nxd6 21. cxd6 Qd8
22. d7 Bxd7 1-0

[Event "FIDE World Bl Team Pool D"]
[Site "London ENG"]
[Date "2025.06.14"]
[Round "4.5"]
[White "Heimbaecher, Peter"]
[Black "Saduakassova, Dinara"]
[Result "0-1"]
[BlackTitle "IM"]
[WhiteElo "1804"]
[BlackElo "2435"]
[WhiteTeam "REY AHOGADO"]
[BlackTeam "Hetman GKS Katowice"]
[WhiteFideId "24617431"]
[BlackFideId "13700090"]
[EventDate "2025.06.14"]
[EventType "team"]

1. e4 e5 2. d4 exd4 3. c3 d3 4. Bxd3 Nc6 5. Nf3 d6 6. O-O g6 7. Re1 Bg7 8. Bc2
Nge7 9. Bg5 h6 10. Bh4 Be6 11. Nbd2 Qd7 12. b4 g5 13. Bg3 Ng6 14. Ba4 a6 15. b5
axb5 16. Bxb5 O-O 17. e5 dxe5 18. Qe2 Nf4 19. Bxf4 exf4 20. a4 Rad8 21. Ne4 Qe7
22. Rad1 Rxd1 23. Rxd1 Rd8 24. h3 Rxd1+ 25. Qxd1 Ne5 26. Nd4 Bc8 27. Qh5 c5 28.
Nf3 Ng6 29. Nexg5 hxg5 30. Nxg5 Qe1+ 31. Kh2 Qxf2 32. Bc4 Qg3+ 33. Kg1 Qe3+ 34.
Kh2 Qg3+ 35. Kg1 Qe1+ 36. Kh2 Qg3+ 37. Kh1 Be6 38. Qh7+ Kf8 39. Nxe6+ fxe6 40.
Bxe6 Qe1+ 41. Kh2 Qxe6 42. c4 f3 43. gxf3 Qe2+ 44. Kg3 Be5+ 45. f4 Bxf4# 0-1

[Event "FIDE World Bl Team Pool D"]
[Site "London ENG"]
[Date "2025.06.14"]
[Round "4.1"]
[White "Nogerbek, Kazybek"]
[Black "Skytte, Rasmus"]
[Result "1-0"]
[WhiteTitle "GM"]
[BlackTitle "IM"]
[WhiteElo "2538"]
[BlackElo "2367"]
[WhiteTeam "Barys.kz"]
[BlackTeam "Danish Futures"]
[WhiteFideId "13710427"]
[BlackFideId "1404210"]
[EventDate "2025.06.14"]
[EventType "team"]

1. Nf3 g6 2. e4 Bg7 3. d4 Nf6 4. e5 Ne4 5. Bd3 d5 6. O-O c5 7. c3 Nc6 8. h3 O-O
9. Re1 cxd4 10. cxd4 Bf5 11. a3 Qb6 12. Bf1 f6 13. exf6 Bxf6 14. Nc3 Rad8 15.
Na4 Qc7 16. Bh6 Rf7 17. Nc3 Qb6 18. Na4 Qc7 19. Rc1 g5 20. Nc3 e6 21. Bd3 Nxc3
22. bxc3 g4 23. Bxf5 exf5 24. hxg4 fxg4 25. Nh2 g3 26. Qg4+ Kh8 27. Qxg3 Qxg3
28. fxg3 Rg8 29. Bf4 Na5 30. Nf3 Nc4 31. Re6 Bg7 32. Kf2 Nxa3 33. Rh1 1-0

[Event "FIDE World Bl Team Pool D"]
[Site "London ENG"]
[Date "2025.06.14"]
[Round "4.2"]
[White "Kistrup, Nicolai"]
[Black "Makhnev, Denis"]
[Result "0-1"]
[WhiteTitle "IM"]
[BlackTitle "GM"]
[WhiteElo "2381"]
[BlackElo "2531"]
[WhiteTeam "Danish Futures"]
[BlackTeam "Barys.kz"]
[WhiteFideId "1444816"]
[BlackFideId "13707647"]
[EventDate "2025.06.14"]
[EventType "team"]

1. e4 e5 2. Nf3 Nc6 3. Bc4 Bc5 4. c3 Nf6 5. d4 exd4 6. e5 d5 7. Bb5 Ne4 8. cxd4
Bb6 9. Nc3 O-O 10. Be3 Bg4 11. h3 Bh5 12. Qc2 Bg6 13. Qb3 Ne7 14. O-O c6 15. Bd3
Nd2 16. Nxd2 Bxd3 17. Rfe1 Nf5 18. Na4 Ba6 19. Nxb6 axb6 20. Nf3 Bc4 21. Qc2
Nxe3 22. fxe3 f6 23. b3 Ba6 24. Kh2 fxe5 25. dxe5 Qe7 26. e4 Rxf3 27. gxf3 Qxe5+
28. Kh1 d4 29. Qh2 Qh5 30. Qg3 Rf8 31. Rg1 Qxf3+ 32. Qxf3 Rxf3 33. Kg2 Rf4 34.
Rge1 Kf7 35. Rad1 c5 36. Kg3 g5 37. h4 Rxh4 38. Rh1 Rxh1 39. Rxh1 Kg6 40. e5 Bb5
41. e6 h5 42. Re1 Kf6 43. e7 Be8 44. Kf2 h4 45. Kf3 Kf5 46. Kf2 g4 47. Kg2 b5
48. a3 c4 49. bxc4 bxc4 50. Rb1 c3 51. Kf2 g3+ 52. Kg2 Kg4 53. Rb4 h3+ 54. Kf1
h2 55. Rxd4+ 0-1

[Event "FIDE World Bl Team Pool D"]
[Site "London ENG"]
[Date "2025.06.14"]
[Round "4.3"]
[White "Mamedov, Edgar"]
[Black "Nilssen, Ellen Fredericia"]
[Result "1-0"]
[WhiteTitle "IM"]
[BlackTitle "WIM"]
[WhiteElo "2509"]
[BlackElo "2160"]
[WhiteTeam "Barys.kz"]
[BlackTeam "Danish Futures"]
[WhiteFideId "13739980"]
[BlackFideId "1441230"]
[EventDate "2025.06.14"]
[EventType "team"]

1. d4 d5 2. c4 e6 3. Nf3 a6 4. Bg5 Be7 5. Bxe7 Qxe7 6. Nbd2 Nf6 7. g3 O-O 8. Bg2
c6 9. O-O Nbd7 10. Qc2 Re8 11. e4 dxe4 12. Nxe4 Nxe4 13. Qxe4 Nf6 14. Qe2 c5 15.
dxc5 Qxc5 16. Ne5 Rb8 17. Rfd1 b5 18. b4 Qc7 19. c5 Bb7 20. Rd6 a5 21. a3 Bd5
22. Rd1 Re7 23. Nc6 Bxc6 24. Bxc6 Ne8 25. Bxe8 Rexe8 26. Qf3 Rf8 27. h4 axb4 28.
axb4 h6 29. Qc6 Qa7 30. Qe4 Qa3 31. Rd7 Qc3 32. Kg2 Qb3 33. R7d3 Qc2 34. R1d2
Qb1 35. Rd1 Qc2 36. Qf3 Qb2 37. Qf4 Ra8 38. R3d2 Qc3 39. Rd3 Qb2 40. Rd7 Qc3 41.
h5 Qb2 42. c6 Qc3 43. c7 Rac8 44. Rxf7 Qc6+ 45. Kg1 Rxf7 46. Rd8+ Kh7 47. Qxf7
Qc1+ 48. Kh2 1-0

[Event "FIDE World Bl Team Pool D"]
[Site "London ENG"]
[Date "2025.06.14"]
[Round "4.5"]
[White "Balabayeva, Xeniya"]
[Black "Derlich, Sarah Sima"]
[Result "1-0"]
[WhiteTitle "WGM"]
[BlackTitle "WCM"]
[WhiteElo "2352"]
[BlackElo "1926"]
[WhiteTeam "Barys.kz"]
[BlackTeam "Danish Futures"]
[WhiteFideId "13719688"]
[BlackFideId "1469290"]
[EventDate "2025.06.14"]
[EventType "team"]

1. d4 d5 2. Nf3 Nf6 3. Bf4 c5 4. e3 cxd4 5. exd4 Nc6 6. c3 Bg4 7. Nbd2 e6 8. Bd3
Bd6 9. Bxd6 Qxd6 10. h3 Bh5 11. O-O O-O 12. Qb3 Qc7 13. Rae1 Rab8 14. a4 a6 15.
Ne5 Nd7 16. f4 b5 17. axb5 axb5 18. Nxc6 Qxc6 19. Qb4 Nf6 20. Ra1 Ne4 21. Bxe4
dxe4 22. Rae1 f5 23. Nb3 Qc4 24. Re3 Qxb4 25. cxb4 Rfd8 26. Rc1 Bf7 27. Rc5 g6
28. Kf2 Rd5 29. Rec3 Rxc5 30. dxc5 Kf8 31. Nd4 Be8 32. Nxe6+ Ke7 33. Nd4 Rd8 34.
Ke3 Rc8 35. c6 Rb8 36. Rc5 Kd6 37. Nxb5+ Ke7 38. c7 Rc8 39. Na7 Bd7 40. Nxc8+
Bxc8 41. b5 Kd6 42. b4 Kd7 43. b6 Bb7 44. c8=Q+ Bxc8 45. Rc7+ Kd8 46. Rxh7 1-0

[Event "FIDE World Bl Team Pool D"]
[Site "London ENG"]
[Date "2025.06.14"]
[Round "4.6"]
[White "Andries, Leia"]
[Black "Nurakyn, Suleiman"]
[Result "0-1"]
[WhiteElo "1830"]
[BlackElo "1773"]
[WhiteTeam "Danish Futures"]
[BlackTeam "Barys.kz"]
[WhiteFideId "1469207"]
[BlackFideId "447003073"]
[EventDate "2025.06.14"]
[EventType "team"]

1. e4 c6 2. d4 d5 3. e5 Bf5 4. h4 a6 5. h5 h6 6. g4 Bd7 7. Nc3 e6 8. Bd3 c5 9.
dxc5 Bxc5 10. Nf3 Nc6 11. Qe2 Qc7 12. Bf4 Nb4 13. a3 Nxd3+ 14. Qxd3 Ne7 15. Bg3
b5 16. Ne2 Nc6 17. Ned4 Nxd4 18. Nxd4 Qb6 19. Nf3 b4 20. a4 Bc6 21. O-O a5 22.
Nd2 Bb7 23. Nb3 Ba6 24. Qd2 Bxf1 25. Rxf1 Rc8 26. Kg2 Qc7 27. Rc1 Bb6 28. Nd4
Bxd4 29. Qxd4 Qc4 30. Qd1 O-O 31. b3 Qe4+ 32. Kg1 Rc3 33. Kh2 Rfc8 34. Kh3 Rxc2
35. Rxc2 Rxc2 36. Qf1 Rc3 0-1

[Event "FIDE World Bl Team Pool D"]
[Site "London ENG"]
[Date "2025.06.14"]
[Round "4.1"]
[White "Cancedda-Dupuis, Livio"]
[Black "Erigaisi, Arjun"]
[Result "0-1"]
[BlackTitle "GM"]
[WhiteElo "2053"]
[BlackElo "2782"]
[WhiteTeam "The London Legends"]
[BlackTeam "Team MGD1"]
[WhiteFideId "499447"]
[BlackFideId "35009192"]
[EventDate "2025.06.14"]
[EventType "team"]

1. Nf3 c5 2. b3 d6 3. Bb2 e5 4. d3 f5 5. e4 Nf6 6. Nc3 Nc6 7. Be2 Be7 8. Qd2 O-O
9. Nd5 Nxd5 10. exd5 Nb4 11. d4 e4 12. Ng1 Bg5 13. Qc3 Bf6 14. Qd2 Bg5 15. Qc3
Qa5 16. Kf1 cxd4 17. Qe1 Qc5 18. c3 Nc2 19. cxd4 Qb6 20. Qd1 Nxa1 21. Nh3 Bh6
22. Bxa1 f4 23. Bg4 Bxg4 24. Qxg4 Rac8 25. Qe6+ Kh8 26. Qxe4 Qa6+ 0-1

[Event "FIDE World Bl Team Pool D"]
[Site "London ENG"]
[Date "2025.06.14"]
[Round "4.2"]
[White "Harikrishna, Pentala"]
[Black "Bryant, Harry"]
[Result "1-0"]
[WhiteTitle "GM"]
[WhiteElo "2707"]
[BlackElo "2062"]
[WhiteTeam "Team MGD1"]
[BlackTeam "The London Legends"]
[WhiteFideId "5007003"]
[BlackFideId "489158"]
[EventDate "2025.06.14"]
[EventType "team"]

1. e4 c5 2. Nf3 d6 3. c3 Nf6 4. Be2 Nc6 5. d4 cxd4 6. cxd4 g6 7. Nc3 Bg7 8. O-O
O-O 9. h3 a6 10. Be3 b5 11. a3 Bd7 12. Rc1 Rc8 13. b4 e6 14. Qd2 Ne7 15. Bg5 Qb6
16. e5 Nfd5 17. Ne4 dxe5 18. dxe5 Bc6 19. Nf6+ Kh8 20. Rc5 Rfd8 21. Qc1 Bb7 22.
Nxd5 Nxd5 23. Bxd8 Rxd8 24. Rd1 Bf8 25. Rc2 a5 26. bxa5 Qxa5 27. Qg5 Be7 28. Qh6
Bf8 29. Qh4 Be7 30. Ng5 h5 31. Nxf7+ Kg7 32. Ng5 Kh6 33. f4 Rf8 34. Qg3 Qb6+ 35.
Kh2 Nxf4 36. Nf3 g5 37. Rd6 Bxd6 38. Qxg5+ Kh7 39. exd6 Qxd6 40. Ne5 Rg8 41.
Bd3+ Nxd3 42. Qxh5+ Kg7 43. Qg6+ 1-0